UITU Library & LRC     

Chemistry: Principles and Reactions (Record no. 7065)

MARC details
000 -LEADER
fixed length control field 00515nam a2200181Ia 4500
008 - FIXED-LENGTH DATA ELEMENTS--GENERAL INFORMATION
fixed length control field 240925s9999 xx 000 0 und d
020 ## - INTERNATIONAL STANDARD BOOK NUMBER
International Standard Book Number 30260361
082 ## - DEWEY DECIMAL CLASSIFICATION NUMBER
Classification number 540 MAS
100 ## - MAIN ENTRY--PERSONAL NAME
Personal name Masterton ,William L.; Hurley ,Cecile N.
245 #0 - TITLE STATEMENT
Title Chemistry: Principles and Reactions
250 ## - EDITION STATEMENT
Edition statement 4th
260 ## - PUBLICATION, DISTRIBUTION, ETC.
Place of publication, distribution, etc. New York:
Name of publisher, distributor, etc. Sanders college pubication
Date of publication, distribution, etc. ,1989.
300 ## - PHYSICAL DESCRIPTION
Extent xv,892p.
Other physical details NA
Type of unit Original
500 ## - GENERAL NOTE
General note NA
600 ## - SUBJECT ADDED ENTRY--PERSONAL NAME
Personal name Humanities & Natural Science
650 ## - SUBJECT ADDED ENTRY--TOPICAL TERM
Topical term or geographic name entry element Chemistry and allied sciences
942 ## - ADDED ENTRY ELEMENTS (KOHA)
Koha item type Books
Holdings
Withdrawn status Lost status Damaged status Not for loan Collection Home library Current library Date acquired Source of acquisition Cost, normal purchase price Total checkouts Full call number Barcode Date last seen Price effective from Koha item type
        Humanities & Basic Sciences UITU Library UITU Library 09/04/2002 Khaliq book Binder 741.80   540 MAS Q4566 09/25/2024 09/25/2024 Books

Powered by Koha